000 01187cam a2200373 i 4500
999 _c136
_d136
001 17360569
003 OSt
005 20190729080642.0
008 120625t20122011nyu 000 1 eng
010 _a 2012374328
020 _a9781439167410 (pbk.)
040 _aDLC
_beng
_cDLC
_erda
_dDLC
041 1 _aeng
_hspa
042 _apcc
043 _ae-uk-en
082 0 0 _aFIC PAL
_223
100 1 _aPalma, Félix J.
_eauthor
240 1 0 _aMapa del tiempo.
_lEnglish
245 1 4 _aThe map of time :
_ba novel /
_cFélix J. Palma ; translated by Nick Caistor.
250 _aFirst Atria paperback edition.
264 1 _aNew York :
_bAtria Paperback,
_c2012.
264 4 _c©2011
300 _a611, [30] pages ;
_c21 cm
336 _atext
_2rdacontent
337 _aunmediated
_2rdamedia
338 _avolume
_2rdacarrier
600 1 0 _aWells, H. G.
_q(Herbert George),
_d1866-1946
_vFiction.
650 0 _aTime travel
_vFiction.
651 0 _aLondon (England)
_xSocial life and customs
_y19th century
_vFiction.
700 1 _aCaistor, Nick.
_etranslator
906 _a7
_bcbc
_corignew
_d2
_encip
_f20
_gy-gencatlg
942 _2ddc
_cFIC